Queen - Seven Seas Of Rhye - Lyrics - Statistics

General Stats
  • This quiz has been taken 44 times
  • The average score is 98 of 162
Answer Stats
Lyrics % Correct
a
97%
you
97%
you.
97%
You
97%
you)
97%
you,
97%
of
94%
seven
94%
I
91%
seas
91%
the
91%
The
91%
me,
88%
me
88%
Rhye.
88%
and
81%
And
81%
to
78%
do
75%
your
75%
be
72%
Be
72%
for
72%
I'll
69%
mine!
66%
mine.
66%
mine,
66%
die.
63%
is
63%
are
59%
forever.
59%
from
59%
hear
59%
live
59%
lady
56%
my
56%
take
56%
what
56%
Can
53%
eyes.
53%
Fear
53%
lie
53%
lords
53%
Sister,
53%
skies.
53%
upon
53%
who
53%
will
53%
with
53%
command
50%
any
47%
descend
47%
man
47%
that
47%
trust.
47%
very
47%
before
44%
earth
44%
Mister,
44%
preachers.
44%
souls,
44%
you'll
44%
Bring
41%
destroy
41%
naked
41%
stand
41%
abuse
38%
dares
38%
out
38%
swear
38%
come
34%
Give
34%
possess
34%
smile
34%
Then
34%
(Then
34%
belong
31%
By
31%
challenge
31%
get
31%
mighty
31%
survive.
31%
unbelievers.
31%
gone
28%
his
28%
senators.
28%
shady
28%
through.
28%
Titan
28%
alive.
25%
fly
25%
good,
25%
privy
25%
bad
22%
defy
22%
evil
22%
fire
22%
flash
22%
leave
22%
nature
22%
Storm
22%
thunder
22%
cries.
19%
laws
19%
peers
19%
troubadours.
16%
master-marathon
13%
counsellors.
9%
shod
9%
No matching quizzes found
Score Distribution
Percent of People with Each Score
Percentile by Number Answered
Your Score History
You have not taken this quiz